Teología frente a sociedad histórica
Uloženo v:
| Hlavní autor: | |
|---|---|
| Médium: | Kniha |
| Jazyk: | španělština |
| Vydáno: |
Barcelona
Laia
1972
|
| Témata: | |
| Tagy: |
Přidat tag
Žádné tagy, Buďte první, kdo vytvoří štítek k tomuto záznamu!
|
MARC
| LEADER | 00000nam a2200000 a 4500 | ||
|---|---|---|---|
| 001 | UCQ2205 | ||
| 003 | CL-VaPUC | ||
| 008 | 980721e19720000SP |||||||||||||||||spa|d | ||
| 082 | 0 | 4 | |a 261 |b DIE |2 21 |
| 100 | 0 | |a Díez-Alegría, José María |e author |9 416164 | |
| 245 | 1 | 0 | |a Teología frente a sociedad histórica |
| 300 | |a 268 p | ||
| 942 | |c BK | ||
| 945 | |d 19980721 00:00:00 |a aalvarez | ||
| 260 | |a Barcelona |b Laia |c 1972 | ||
| 650 | 0 | |a Teología social |9 326726 | |
| 650 | 0 | |a Sociedad |9 307903 | |
| 650 | 0 | |a Teología |9 258766 | |
| 583 | |a last modification |c 19980721 00:00:00 |k Rodrigo Vera | ||
| 999 | |c 273044 |d 273042 | ||
| 952 | |0 0 |1 0 |4 0 |6 261_000000000000000_DIE_1972 |7 0 |8 A |9 308318 |a BIBTEO |b BIBTEO |d 2019-11-20 |i 3419282 |o 261 DIE 1972 |p 3419282 |r 2025-01-17 |w 2019-11-20 |y BK |k ICR | ||